Từ điển học sinh Việt – Khmer (Trần Thanh Pôn – Sôrya)

Enregistré dans:
Détails bibliographiques
Format: Livre
Langue:Undetermined
Publié: H.
Tags: Ajouter un tag
Pas de tags, Soyez le premier à ajouter un tag!
Thư viện lưu trữ: Trung tâm Học liệu Trường Đại học Cần Thơ
LEADER 00370nam a2200121Ia 4500
001 CTU_151696
008 210402s9999 xx 000 0 und d
020 |c 40000 
082 |a 495.9223 
082 |b T550 
245 0 |a Từ điển học sinh Việt – Khmer (Trần Thanh Pôn – Sôrya) 
260 |a H. 
980 |a Trung tâm Học liệu Trường Đại học Cần Thơ